| 000 | 00602nam a2200217 a 4500 | ||
|---|---|---|---|
| 001 | 54892 | ||
| 003 | BD-RjUL | ||
| 005 | 20211209080201.0 | ||
| 008 | 161112s1961 enk 000 1 eng u | ||
| 035 | _a(BD-RjUL)55014 | ||
| 040 |
_aOSU _dm.c _dBD-RjUL _beng _cBD-RjUL |
||
| 041 | _aeng | ||
| 082 |
_223 _a823 _bGRB 1961 |
||
| 100 | 1 |
_aGreene, Graham, _d1904-1991. _9163629 |
|
| 245 | 1 | 2 |
_aA burnt-out case / _cGraham Greene. |
| 260 |
_aLondon : _bHeinemann, _cc1961. |
||
| 300 |
_a256 p. ; _c21 cm. |
||
| 650 |
_aReligion -- Fiction. _9163630 |
||
| 650 |
_aLeprosy -- Fiction _9163631 |
||
| 942 |
_2ddc _cBK |
||
| 999 |
_c54892 _d54892 |
||